书目信息 |
| 题名: |
莫斯科日记
|
|
| 作者: | 罗曼.罗兰 著€ | |
| 分册: | ||
| 出版信息: | 上海 上海人民出版社 1995.12 |
|
| 页数: | 196页 | |
| 开本: | 19cm | |
| 丛书名: | ||
| 单 册: | ||
| 中图分类: | K512.53 | |
| 科图分类: | ||
| 主题词: | 东欧--历史 , 中欧--历史 | |
| 电子资源: | ||
| ISBN: | 7-208-02141-4 | |
| 000 | 00542nam0 2200205 45 | |
| 001 | 0003210805 | |
| 005 | 20040511171712.9 | |
| 010 | @a7-208-02141-4@dCNY10.00 | |
| 100 | @a20000321d1995 km y0chiy0120 ea | |
| 101 | @achi | |
| 105 | @a z 000yy | |
| 200 | 1 | @a莫斯科日记@f(法)罗曼.罗兰著;夏伯铭译 |
| 210 | @a上海@c上海人民出版社@d1995.12 | |
| 215 | @a196页@c照片@d19cm | |
| 606 | 0 | @a东欧@x历史 |
| 606 | 0 | @a中欧@x历史 |
| 690 | @aK512.53@v1 | |
| 701 | @a罗曼.罗兰@4著€@a夏伯铭@4译 | |
| 801 | @aCN@bTSTC@c20000404 | |
| 905 | @dK512.53@e20 | |
| 莫斯科日记/(法)罗曼.罗兰著;夏伯铭译.-上海:上海人民出版社,1995.12 |
| 196页:照片;19cm |
| ISBN 7-208-02141-4:CNY10.00 |
| ● |
| 相关链接 |
|
|
|
|
正题名:莫斯科日记
索取号:K512.53/20
 
预约/预借
| 序号 | 登录号 | 条形码 | 馆藏地/架位号 | 状态 | 备注 |
| 1 | 0286237 | 002862370 | 第二借阅区/ [索取号:K512.53/20] | 在馆 | |
| 2 | 0286238 | 002862389 | 第二借阅区/ [索取号:K512.53/20] | 在馆 | |
| 3 | 0286239 | 002862398 | 第二借阅区/ [索取号:K512.53/20] | 在馆 | |
| 4 | 0286240 | 002862405 | 第二借阅区/ [索取号:K512.53/20] | 在馆 | |
| 5 | 0286241 | 002862414 | 第二样本阅览室/ [索取号:K512.53/20] | 在馆 |